Endomorphism monoids in varieties of bands

Elmentve itt :
Bibliográfiai részletek
Szerzők: Demlová Marie
Koubek Vácłav
Dokumentumtípus: Cikk
Megjelent: 2000
Sorozat:Acta scientiarum mathematicarum 66 No. 3-4
Kulcsszavak:Matematika
Online Access:http://acta.bibl.u-szeged.hu/15820
LEADER 00651nab a2200193 i 4500
001 acta15820
005 20210326133044.0
008 161015s2000 hu o 0|| eng d
022 |a 0001-6969 
040 |a SZTE Egyetemi Kiadványok Repozitórium  |b hun 
041 |a eng 
100 1 |a Demlová Marie 
245 1 0 |a Endomorphism monoids in varieties of bands  |h [elektronikus dokumentum] /  |c  Demlová Marie 
260 |c 2000 
300 |a 477-516 
490 0 |a Acta scientiarum mathematicarum  |v 66 No. 3-4 
695 |a Matematika 
700 0 1 |a Koubek Vácłav  |e aut 
856 4 0 |u http://acta.bibl.u-szeged.hu/15820/1/math_066_numb_003_004_477-516.pdf  |z Dokumentum-elérés